000
00452nam a2200169Ia 4500
008
090711s9999 xx 000 0 und d
082
_b
64824
100
_a
बांदोडकर व. पु.
245
_a
टायगर
260
_c
1990
300
_a
198
600
_a
बांदोडकर व. पु.
630
_a
टायगर
700
_a
बांदोडकर व. पु.
730
_a
टायगर
942
_c
BOOK
999
_c
299229
_d
299229